Which album is this track from?(TWICE ver.) - Statistics

General Stats
  • This quiz has been taken 43 times
  • The average score is 20 of 28
Answer Stats
Hint Answer % Correct
Killin' Me Good ZONE (JIHYO)
91%
SCIENTIST Formula of Love: O+T=<3
88%
Do Not Touch Masterpiece (MISAMO)
88%
CHEER UP PAGE TWO
88%
I CAN'T STOP ME Eyes wide open
84%
Dance The Night Away Summer Nights
84%
ABCD NA (NAYEON)
81%
Queen of Hearts BETWEEN 1&2
78%
MOONLIGHT SUNRISE READY TO BE
78%
KNOCK KNOCK TWICEcoaster : LANE 2
78%
Heart Shaker Merry & Happy
75%
The Best Thing I Ever Did The year of "YES"
75%
BATTITUDE THIS IS FOR
75%
BLOOM With YOU-th
75%
STRAWBERRY FANCY YOU
72%
LOVE COUNTDOWN IM NAYEON
72%
Kiss My Troubles Away STRATEGY
72%
Do it again THE STORY BEGINS
72%
LOVE FOOLISH Feel Special
69%
Identity HAUTE COUTURE (MISAMO)
66%
JELLY JELLY TWICEcoaster : LANE 1
66%
Baby Blue Love Taste of Love
63%
Heartbreak In Heaven abouTZU (TZUYU)
59%
FIREWORK MORE & MORE
59%
ROLLIN' twicetagram
59%
Three times a day SIGNAL
53%
STUCK What is Love?
44%
YOUNG & WILD YES or YES
44%
No matching quizzes found
Score Distribution
Percent of People with Each Score
Percentile by Number Answered
Your Score History
You have not taken this quiz